000 02627cam a22005054i 4500
003 PE-LiUPU
005 20250731172943.0
008 150623s r 000 0 d
020 _a068713871X
035 _a(Sirsi) i9780687138715
040 _aPE-LiUPU
_bspa
_cPE-LiUPU
_erda
049 _aPRUA
245 0 0 _aOld Testament Interpretation :
_bpast, present, and future /
_ceditado por James luther Mays, David L. Petersen y Kent Harold Richards.
264 1 _aNashville, TN. :
_bAbingdon Press,
_c1995.
300 _a304 páginas ;
_c23 centímetros
336 _atext
_2rdacontent
337 _aunmediated
_2rdamedia
338 _avolume
_2rdacarrier
505 0 _aTorah: Torah as narrative and narrative as Torah. -The formation of the Pentateuch. -Perspective and content in the study of pentateuchal legislation. -Deuteronomy and the Deuteronomists. -Prophets: The former prophets: reading the books of kings. -The world and message of the prophets:Biblical prophecy. -Formation and form in prophetic literature. -Literary perspectives on prophetic literature. -Writings: past, present, and prospect in Psalm study. -Proverbs and its successors. -Job and Ecclesiastes. -Short stories: the book of ESther and the theme of woman as a civilizing force. -Reshaping chronicles and Ezra-Nehemiah interpretation. -Before the canon: scriptures in second temple Judaism. -Context: The ancient near east and archaeology.
526 _aSEG42
526 _aSEG41
526 _aSEG40
526 _aSEG39
526 _aP94
526 _aP87
526 _aP86
526 _aP85
526 _aP77
526 _aP76
526 _aP35
630 _aBiblia.
_pA.T.
_xCrítica, interpretación, etc.
650 0 4 _aProfetas bíblicos.
700 1 _aLuther Mays, James,
_eed.
700 1 _aPetersen, David L.,
_eed.
700 1 _aRichards, Kent Harold,
_eed.
942 _2ddc
_cBOOK
949 _a221.609 045 O68
_wDEWEY
_c1
_i44672
_lCCODEBUL1
_mBUL
_r0
_sY
_tBOOK
_u2015-6-24
_xTEOLOGIA
_zUNKNOWN
_0COMPRA
_o.STAFF. Colección General
949 _a221.609 045 O68
_wDEWEY
_c2
_i45751
_lCCODEBUL1
_mBUL
_r0
_sY
_tBOOK
_u2015-6-24
_xTEOLOGIA
_PP35
_0COMPRA
_o.STAFF. Colección General
994 _aC0
_bPEPRU
596 _a1
999 _a221.609 045 O68
_wDEWEY
_c21533
_i44672
_d21533
_f2021-11-9
_g5
_lCCODEBUL1
_mBUL
_q1
_r0
_sY
_tBOOK
_u2015-6-24
_xTEOLOGIA
_zUNKNOWN
_0COMPRA
_o.STAFF. Colección General
999 _a221.609 045 O68
_wDEWEY
_c2
_i45751
_f2021-11-9
_g5
_lCCODEBUL1
_mBUL
_r0
_sY
_tBOOK
_u2015-6-24
_xTEOLOGIA
_PP35
_0COMPRA
_o.STAFF. Colección General
980 _81
_gALBERTO SANCHEZ Responsable de Automatización